| 000 | 00510nam a22001817a 4500 | ||
|---|---|---|---|
| 005 | 20250128140131.0 | ||
| 008 | 250128b |||||||| |||| 00| 0 eng d | ||
| 020 | _a9780310284802 | ||
| 050 |
_aBV 652.1.F 63 FOR _b1 |
||
| 100 | _aForman, Rowland | ||
| 245 |
_aThe leadership baton: _bAn international strategy for developing leaders in you church |
||
| 260 |
_aMichigan _bZondervan _c2004 |
||
| 300 | _a221p | ||
| 500 | _asub. index | ||
| 700 | _aJones, Jeff | ||
| 700 | _aMiller,Bruce | ||
| 942 |
_2lcc _cBK _n0 |
||
| 999 |
_c3152 _d3152 |
||